Top 30 : Tate McRae - Statistiques

Statistiques générales
  • Ce quiz a été pris 161 fois
  • Le résultat moyen est 16 sur 30
Statistiques - réponses
Top Titres Featuring % Correct
10 Just Keep Watching F1 The Album
91%
11 You Regard, Troye Sivan
87%
7 Sports car
86%
1 greedy
84%
2 you broke me first
81%
22 I know love The Kid LAROI
79%
12 Revolving door
76%
4 exes
73%
3 10:35 Tiësto
71%
8 It's ok I'm ok
70%
9 run for the hills
61%
18 2 hands
60%
5 she's all i wanna be
58%
24 Dear god
55%
27 Miss possessive
55%
16 What I Want Morgan Wallen
49%
26 Siren sounds (bonus)
48%
13 One Day
42%
6 that way
40%
21 uh oh
40%
19 chaotic
37%
14 feel like shit
37%
30 guilty conscience
35%
20 lie to me Ali Gatie
34%
15 stupid
32%
25 rubberband
31%
23 working Khalid
30%
29 hurt my feelings
28%
28 r u ok
15%
17 Teenage Mind
11%
Aucun quiz correspondant
Distribution des résultats
% des personnes avec chaque résultat
Percentile par nombre de réponses
Votre historique - résultats
Vous n’avez pas pris ce quiz